| 000 | 00000nam##2200000za#4500 |
| 001 | 9.603529 |
| 003 | CaOODSP |
| 005 | 20210624211123 |
| 007 | cr ||||||||||| |
| 008 | 150406|1991||||xxc|||||o f|0| 0 fre|d |
| 040 | |aCaOODSP|bfre |
| 043 | |an-cn--- |
| 086 | 1 |aSC94-55/1991F-PDF |
| 110 | 1 |aCanada.|bCentre canadien de gestion. |
| 245 | 10|aComment préparer et présenter des séances et des cahiers d'information de qualité supérieure / |h[ressource électronique]|c[par] Roderick G. Qiuney. |
| 260 | |aOttawa - Ontario : |bCentre canadien de gestion |cNovembre 1992. |
| 300 | |a18p. |
| 490 | 1 |aLes pratiques de gestion|vN° 1 |
| 590 | |a12-16-Supp|b2012-04-17 |
| 691 | 07|aAdministration publique|2gcpds |
| 691 | 07|aFonction publique|2gcpds |
| 691 | 07|aGestion|2gcpds |
| 720 | 1 |aQuiney, Roderick G. |
| 775 | 08|tHow to create superior briefings / |w(CaOODSP)9.573348 |
| 830 | #0|aLes pratiques de gestion ;|vN° 1|w(CaOODSP)9.503178 |
| 856 | 40|ahttp://publications.gc.ca|qPDF|s540 Ko|uhttps://publications.gc.ca/collections/Collection/SC94-55-1991F.pdf|yN° 1 |